[Event "HUN-chT2 Toth 1415"]
[Site "Hungary"]
[Date "2014.09.07"]
[Round "1.4"]
[White "Miklos, Csaba"]
[Black "Czegledi, Laszlo"]
[Result "1/2-1/2"]
[WhiteElo "2012"]
[BlackElo "2141"]
[PlyCount "70"]
[EventDate "2014.09.07"]
[EventType "team-tourn"]
[EventRounds "11"]
[EventCountry "HUN"]
[SourceTitle "EXT 2016"]
[Source "ChessBase"]
[SourceDate "2015.10.08"]
[SourceVersion "1"]
[SourceVersionDate "2015.10.08"]
[SourceQuality "1"]
[WhiteTeam "Takisz"]
[BlackTeam "Ujszasz"]
[WhiteTeamCountry "HUN"]
[BlackTeamCountry "HUN"]

1. Nf3 d5 2. g3 c6 3. Bg2 Nf6 4. 0-0 Bg4 5. d4 Nbd7 6. b3 e6 7. c4 Bd6 8. Bb2 0-0 9. Ne5 Bf5 10. Nf3 Qe7 11. Nbd2 Rad8 12. Nh4 Bg4 13. c5 Bc7 14. f4 h6 15. Nhf3 Ne4 16. Ne5 Bxe5 17. fxe5 Qg5 18. Rf4 f6 19. Bxe4 dxe4 20. Nxe4 Qh5 21. exf6 Nxf6 22. Nxf6+ Rxf6 23. Rxf6 Bxe2 24. Qd2 gxf6 25. Re1 Bg4 26. Qf4 Qg5 27. Qc7 Rf8 28. Bc1 Qd5 29. Qf4 Bh3 30. Qe4 Qxe4 31. Rxe4 h5 32. Kf2 Kf7 33. Rh4 Bg4 34. h3 Bd1 35. Ke1 Bf3 1/2-1/2

[Event "HUN-chT2 Toth 1314"]
[Site "Hungary"]
[Date "2013.11.03"]
[Round "4.4"]
[White "Nagy, Sandor"]
[Black "Czegledi, Laszlo"]
[Result "1/2-1/2"]
[WhiteElo "2115"]
[BlackElo "2139"]
[PlyCount "29"]
[EventDate "2013.09.08"]
[EventType "team-tourn"]
[EventRounds "11"]
[EventCountry "HUN"]
[SourceTitle "EXT 2016"]
[Source "ChessBase"]
[SourceDate "2015.10.08"]
[SourceVersion "1"]
[SourceVersionDate "2015.10.08"]
[SourceQuality "1"]
[WhiteTeam "Gyula"]
[BlackTeam "Ujszasz"]
[WhiteTeamCountry "HUN"]
[BlackTeamCountry "HUN"]

1. d4 d5 2. c4 e6 3. Nc3 c6 4. Nf3 dxc4 5. e4 b5 6. a4 Bb4 7. Bd2 a5 8. d5 Nf6 9. dxc6 Bxc3 10. Bxc3 Qxd1+ 11. Rxd1 b4 12. Bxf6 gxf6 13. Bxc4 Nxc6 14. Bb5 Bd7 15. 0-0 1/2-1/2

[Event "WC-2017-P-00017"]
[Site "LSS email"]
[Date "2013.02.27"]
[Round "?"]
[White "Basson, Heinrich"]
[Black "Czegledi, Laszlo"]
[Result "0-1"]
[WhiteElo "1255"]
[BlackElo "2229"]
[PlyCount "52"]
[EventDate "2013.03.03"]
[EventType "tourn (corr)"]
[EventRounds "12"]
[EventCountry "GER"]
[SourceTitle "Corr 2015"]
[Source "ChessBase"]
[SourceDate "2015.07.17"]
[SourceVersion "1"]
[SourceVersionDate "2015.07.17"]
[SourceQuality "1"]

1. d4 d5 2. c4 c6 3. Nc3 Nf6 4. Nf3 e6 5. Bg5 h6 6. Bh4 dxc4 7. e4 g5 8. Bg3 b5 9. e5 Nd5 10. a3 Qa5 11. Qc1 Nd7 12. Be2 g4 13. Nd2 h5 14. a4 Qb6 15. h4 Bh6 16. axb5 cxb5 17. Qd1 Bb7 18. 0-0 0-0 19. Nde4 Nxc3 20. Nxc3 Rad8 21. b4 Nb8 22. Qb1 Rxd4 23. Kh2 Rfd8 24. Ra5 a6 25. Ra2 Rd2 26. Rxd2 Rxd2 0-1

[Event "WC-2017-P-00017"]
[Site "LSS email"]
[Date "2013.02.27"]
[Round "?"]
[White "Czegledi, Laszlo"]
[Black "Basson, Heinrich"]
[Result "1-0"]
[WhiteElo "2229"]
[BlackElo "1255"]
[PlyCount "51"]
[EventDate "2013.03.03"]
[EventType "tourn (corr)"]
[EventRounds "12"]
[EventCountry "GER"]
[SourceTitle "Corr 2015"]
[Source "ChessBase"]
[SourceDate "2015.07.17"]
[SourceVersion "1"]
[SourceVersionDate "2015.07.17"]
[SourceQuality "1"]

1. e4 d5 2. exd5 Qxd5 3. Nc3 Qa5 4. d4 Nf6 5. Nf3 Bf5 6. Bc4 e6 7. Bd2 c6 8. Nd5 Qd8 9. Nxf6+ Qxf6 10. Qe2 h6 11. d5 cxd5 12. Bxd5 Nd7 13. 0-0 0-0-0 14. Bc3 Qg6 15. Bc6 f6 16. Rad1 Be7 17. Bb5 Nc5 18. Ba5 Rxd1 19. Rxd1 Kb8 20. b4 Bxc2 21. Rd4 Ba4 22. Bxa4 Nxa4 23. Qxe6 Re8 24. Qd7 Nb6 25. Bxb6 axb6 26. h4 1-0

[Event "WC-2017-P-00017"]
[Site "LSS email"]
[Date "2013.02.27"]
[Round "?"]
[White "Czegledi, Laszlo"]
[Black "Buczinski, Henryk"]
[Result "1-0"]
[WhiteElo "2229"]
[BlackElo "1977"]
[PlyCount "89"]
[EventDate "2013.03.03"]
[EventType "tourn (corr)"]
[EventRounds "12"]
[EventCountry "GER"]
[SourceTitle "Corr 2015"]
[Source "ChessBase"]
[SourceDate "2015.07.17"]
[SourceVersion "1"]
[SourceVersionDate "2015.07.17"]
[SourceQuality "1"]

1. e4 e5 2. Nf3 Nc6 3. Bb5 a6 4. Ba4 Nf6 5. 0-0 Be7 6. Re1 b5 7. Bb3 d6 8. c3 0-0 9. h3 Na5 10. Bc2 c5 11. d4 cxd4 12. cxd4 Bb7 13. d5 Nc4 14. a4 Nb6 15. Nc3 b4 16. Ne2 Qc7 17. Ng3 Rfc8 18. Bd3 a5 19. Qe2 Nbd7 20. Be3 Nc5 21. Rac1 Nfd7 22. Bb5 Qd8 23. Nd2 g6 24. Rc2 Bg5 25. Nc4 Be7 26. Qg4 Ba6 27. Nf5 Bxb5 28. axb5 h5 29. Nh6+ Kg7 30. Qf3 Qf8 31. b6 Rcb8 32. g4 h4 33. Kh2 a4 34. Rg1 Kh7 35. Nf5 a3 36. bxa3 bxa3 37. Bh6 Qd8 38. Nfxd6 f6 39. Nf5 Bf8 40. Be3 Nb3 41. Nxh4 a2 42. Nxg6 a1Q 43. Rxa1 Nxa1 44. Qf5 Bh6 45. Nf8+ 1-0

[Event "WC-2017-P-00017"]
[Site "LSS email"]
[Date "2013.02.27"]
[Round "?"]
[White "Czegledi, Laszlo"]
[Black "Raffaele, Enzo"]
[Result "1/2-1/2"]
[WhiteElo "2229"]
[BlackElo "2128"]
[PlyCount "49"]
[EventDate "2013.03.03"]
[EventType "tourn (corr)"]
[EventRounds "12"]
[EventCountry "GER"]
[SourceTitle "Corr 2015"]
[Source "ChessBase"]
[SourceDate "2015.07.17"]
[SourceVersion "1"]
[SourceVersionDate "2015.07.17"]
[SourceQuality "1"]

1. e4 e5 2. Nf3 Nc6 3. Bb5 a6 4. Ba4 Nf6 5. 0-0 Be7 6. Re1 b5 7. Bb3 d6 8. c3 0-0 9. h3 Na5 10. Bc2 c5 11. d4 Qc7 12. Nbd2 Be6 13. Nf1 Rfc8 14. d5 Bd7 15. Ng3 c4 16. Bd2 Nb7 17. Qe2 h6 18. Nh4 a5 19. Nhf5 Bf8 20. Qf3 Qd8 21. b3 Nc5 22. Rab1 cxb3 23. axb3 Kh7 24. Qe3 Ng8 25. Qf3 1/2-1/2

[Event "WC-2017-P-00017"]
[Site "LSS email"]
[Date "2013.02.27"]
[Round "?"]
[White "Czegledi, Laszlo"]
[Black "Rodrigues, Antonio F"]
[Result "1-0"]
[WhiteElo "2229"]
[BlackElo "1938"]
[PlyCount "95"]
[EventDate "2013.03.03"]
[EventType "tourn (corr)"]
[EventRounds "12"]
[EventCountry "GER"]
[SourceTitle "Corr 2015"]
[Source "ChessBase"]
[SourceDate "2015.07.17"]
[SourceVersion "1"]
[SourceVersionDate "2015.07.17"]
[SourceQuality "1"]

1. e4 c6 2. d4 d5 3. e5 Bf5 4. Nf3 e6 5. Be2 c5 6. Be3 Qb6 7. Nc3 Qxb2 8. Qb1 Qxb1+ 9. Rxb1 c4 10. Rxb7 Nc6 11. Nb5 Nd8 12. Rc7 Rb8 13. Nd6+ Bxd6 14. exd6 Rb1+ 15. Bd1 Bxc2 16. Kd2 Bxd1 17. Rxd1 Rb6 18. Bf4 Nf6 19. Re7+ Kf8 20. Rxa7 Ne4+ 21. Kc2 f6 22. h4 h6 23. h5 Kg8 24. Rb1 Rxb1 25. Kxb1 Kh7 26. Ra8 Nc6 27. Rxh8+ Kxh8 28. d7 Kg8 29. Bc7 Nxf2 30. d8Q+ Nxd8 31. Bxd8 Kf8 32. a4 Ke8 33. Bb6 Ne4 34. a5 Kd7 35. a6 Kc6 36. a7 Kb7 37. Nh4 Nd6 38. Ng6 Nc8 39. Bc5 Nxa7 40. Bxa7 Kxa7 41. Nf4 e5 42. Ne6 Kb6 43. dxe5 fxe5 44. Nxg7 e4 45. Nf5 Kc5 46. g4 d4 47. g5 e3 48. Nxe3 1-0

[Event "BI-2013-F-0000"]
[Site "LSS email"]
[Date "2013.02.15"]
[Round "?"]
[White "Czegledi, Laszlo"]
[Black "Mason, Ian C"]
[Result "1/2-1/2"]
[WhiteElo "2346"]
[BlackElo "2228"]
[PlyCount "111"]
[EventDate "2013.02.20"]
[EventType "tourn (corr)"]
[EventRounds "10"]
[EventCountry "GER"]
[SourceTitle "Corr 2022"]
[Source "ChessBase"]
[SourceDate "2021.10.24"]
[SourceVersion "1"]
[SourceVersionDate "2021.10.24"]
[SourceQuality "1"]

1. e4 e6 2. d4 d5 3. Nc3 Bb4 4. e5 c5 5. a3 Bxc3+ 6. bxc3 Ne7 7. Qg4 Qc7 8. Qxg7 Rg8 9. Qxh7 cxd4 10. Ne2 Nbc6 11. f4 dxc3 12. Rb1 Bd7 13. Qd3 0-0-0 14. h4 d4 15. h5 Nf5 16. Rg1 f6 17. g4 Nh6 18. exf6 Rxg4 19. Rxg4 Nxg4 20. Nxd4 Nxd4 21. Qxd4 Bc6 22. Qxc3 Qd7 23. Be2 Qd5 24. Qh3 Nxf6 25. Rb4 Rd7 26. h6 Qc5 27. Rc4 Qg1+ 28. Bf1 Ng4 29. Qg2 Qxg2 30. Bxg2 Nxh6 31. Bxc6 bxc6 32. Rxc6+ Rc7 33. Rxe6 Rxc2 34. Bd2 Nf5 35. Re5 Nd6 36. Bb4 Nc4 37. Re4 Nb6 38. Re5 Rh2 39. f5 Nd7 40. Ra5 Kb7 41. Bd6 Rg2 42. Be7 Rg7 43. Bh4 Rh7 44. Bg5 Rh5 45. Be3 Nb6 46. Kf2 Nc4 47. Rb5+ Ka6 48. Rc5 Nxa3 49. f6 Rh7 50. Kf3 Nb5 51. Bf4 Kb6 52. Rc8 Nd4+ 53. Kg4 Rf7 54. Bg5 Kb5 55. Re8 Kc4 56. Re7 1/2-1/2

[Event "BI-2013-F-0000"]
[Site "LSS email"]
[Date "2013.02.15"]
[Round "?"]
[White "Harney, Thomas"]
[Black "Czegledi, Laszlo"]
[Result "1/2-1/2"]
[WhiteElo "1950"]
[BlackElo "2346"]
[PlyCount "44"]
[EventDate "2013.02.20"]
[EventType "tourn (corr)"]
[EventRounds "10"]
[EventCountry "GER"]
[SourceTitle "Corr 2022"]
[Source "ChessBase"]
[SourceDate "2021.10.24"]
[SourceVersion "1"]
[SourceVersionDate "2021.10.24"]
[SourceQuality "1"]

1. e4 c5 2. Nf3 d6 3. d4 cxd4 4. Nxd4 Nf6 5. Nc3 a6 6. Be3 e5 7. Nb3 Be6 8. f4 exf4 9. Bxf4 Nc6 10. Qe2 Rc8 11. Qd2 Be7 12. 0-0-0 0-0 13. Bxd6 Bg4 14. Bxe7 Qxe7 15. Re1 Rfd8 16. Qf4 Nb4 17. Kb1 Rxc3 18. bxc3 Nbd5 19. Qd2 Nb6 20. Bd3 Na4 21. Ka1 Qe5 22. Rhf1 Nxc3 1/2-1/2

[Event "CP-2011-Q-00009"]
[Site "LSS email"]
[Date "2013.01.14"]
[Round "?"]
[White "Andraschko, Felix"]
[Black "Czegledi, Laszlo"]
[Result "1/2-1/2"]
[WhiteElo "2169"]
[BlackElo "2228"]
[PlyCount "35"]
[EventDate "2013.01.20"]
[EventType "tourn (corr)"]
[EventRounds "6"]
[EventCountry "GER"]
[SourceTitle "Corr 2015"]
[Source "ChessBase"]
[SourceDate "2015.07.17"]
[SourceVersion "1"]
[SourceVersionDate "2015.07.17"]
[SourceQuality "1"]

1. d4 d5 2. c4 c6 3. Nc3 Nf6 4. e3 e6 5. Nf3 Nbd7 6. Qc2 Bd6 7. b3 0-0 8. Be2 b6 9. 0-0 Bb7 10. Bb2 Rc8 11. e4 dxe4 12. Nxe4 Nxe4 13. Qxe4 Nf6 14. Qh4 c5 15. Rad1 Ne4 16. d5 Qxh4 17. Nxh4 Be7 18. Bf3 1/2-1/2

[Event "CP-2011-Q-00009"]
[Site "LSS email"]
[Date "2013.01.14"]
[Round "?"]
[White "Czegledi, Laszlo"]
[Black "Fernandez, Javier Horacio"]
[Result "1-0"]
[WhiteElo "2228"]
[BlackElo "2160"]
[PlyCount "53"]
[EventDate "2013.01.20"]
[EventType "tourn (corr)"]
[EventRounds "6"]
[EventCountry "GER"]
[SourceTitle "Telechess CBM 163"]
[Source "ChessBase"]
[SourceDate "2014.11.11"]
[SourceVersion "2"]
[SourceVersionDate "2014.11.11"]
[SourceQuality "1"]

1. e4 c5 2. Nf3 Nc6 3. d4 cxd4 4. Nxd4 Qb6 5. Nb3 Nf6 6. Nc3 e6 7. Be3 Qc7 8. Bd3 a6 9. f4 d6 10. Qf3 b5 11. g4 Bb7 12. g5 Nd7 13. 0-0-0 Nb4 14. Kb1 Nxd3 15. cxd3 Be7 16. Qh3 b4 17. Ne2 Nc5 18. Ned4 g6 19. Nxc5 dxc5 20. Nb3 c4 21. Bd4 0-0 22. Qh6 f6 23. f5 Bxe4 24. dxe4 Qf4 25. Rhf1 Qxg5 26. Qh3 exf5 27. exf5 1-0

[Event "CP-2011-Q-00009"]
[Site "LSS email"]
[Date "2013.01.14"]
[Round "?"]
[White "Grkinic, Goran"]
[Black "Czegledi, Laszlo"]
[Result "0-1"]
[WhiteElo "1767"]
[BlackElo "2228"]
[PlyCount "78"]
[EventDate "2013.01.20"]
[EventType "tourn (corr)"]
[EventRounds "6"]
[EventCountry "GER"]
[SourceTitle "Telechess CBM 163"]
[Source "ChessBase"]
[SourceDate "2014.11.11"]
[SourceVersion "2"]
[SourceVersionDate "2014.11.11"]
[SourceQuality "1"]

1. Nh3 e5 2. d3 d5 3. g3 Nf6 4. f4 Nc6 5. fxe5 Nxe5 6. Bg2 Bb4+ 7. c3 Bd6 8. 0-0 Neg4 9. Nf4 0-0 10. Na3 Re8 11. Nc2 c6 12. e3 a5 13. b3 Bc5 14. Qf3 Qe7 15. Nd4 Ne5 16. Qf2 a4 17. b4 Neg4 18. Qb2 Bd6 19. Bd2 h5 20. Rae1 Ne5 21. Qc2 Bd7 22. a3 b5 23. h3 Bc7 24. Rf2 Qd6 25. Rc1 h4 26. gxh4 Ng6 27. Nxg6 fxg6 28. Nf3 Bf5 29. Re1 Re7 30. Ng5 Rf8 31. e4 Qh2+ 32. Kf1 Nh5 33. Ke2 Bg3 34. Rh1 Bg4+ 35. hxg4 Rxf2+ 36. Kd1 Qxg2 37. Re1 Bf4 38. gxh5 Rxd2+ 39. Qxd2 Qxd2# 0-1